000 01816cab a2200277 4500
001 ABS57164
008 090401t1997 xxu||||| |||| 00| 0 eng d
035 _a(Sirsi) u79188
041 _aeng
245 _aAmsprop Trading Ltd v Harris Distribution Ltd and another
260 _c1997
350 _a0
490 _aAll England Law Reports
_v[1997] 2 All ER 990-1001(12)
520 _aChd 7 November 1996. K was granted a lease of a warehouse, whose reversion was later transfered to X. K granted an underlease to the first defendants, H, under which H covenanted with the landlords to keep the premises in good repair. In 1993 H assigned the underlease to the second defendant, T, and also in 1993 the plaintiff, Z, acquired the reversion of the headlease. In February 1996 Z served notice on T requiring them to carry out certain repairs, however one month later T vacated the premises, surrendering the underlease, and Z forfeited the headlease. Z commenced proceedings against H and T seeking a declaration that they were liable to pay for the repairs. A preliminary issue was tried as to whether Z was entitled to enforce the covenants against the defendants. It was held that Z was not entitled to enforce these as the Law of Property Act 1925 s56(1) did not operate to confer the benefit of a covenant on a party who was not within the ambit of the identified covenantee.
650 _aAMSPROP TRADING LTD V HARRIS DISTRIBUTION LTD AND ANOTHER
650 _aASSIGNMENT OF LEASES
650 _aCOVENANTS
650 _aDilapidations
_96235
650 _aENFORCEMENT OF COVENANTS
650 _aLAW OF PROPERTY ACT 1925 S56(1)
650 _aREPAIR COVENANTS
650 _aREVERSION OF HEADLEASE
690 _aLANDLORD AND TENANT-CASE LAW-BUSINESS TENANCIES
942 _n0
948 _c25/06/1997
999 _c49779
_d49779